MARC

LEADER 00000nam0a2200000 4500
001 99638
005 20231031111813.0
010 |a 9850611014 
035 |a (RuTPU)RU\TPU\book\106981 
090 |a 99638 
100 |a 20060710d2005 m y0rusy50 ca 
101 0 |a rus 
102 |a BY 
105 |a a j 001zy 
200 1 |a Технологии организации, хранения и обработки данных  |e учебное пособие  |f Е. А. Левчук 
205 |a 2-е изд. 
210 |a Минск  |c Вышэйшая школа  |d 2005 
215 |a 239 с.  |c ил. 
225 1 |a ВУЗ студентам высших учебных заведений 
320 |a Библиогр.: с. 236. 
610 1 |a автоматизированные информационные системы 
610 1 |a АИС 
610 1 |a экономическая информация 
610 1 |a базы данных 
610 1 |a организация 
610 1 |a хранение 
610 1 |a управление 
610 1 |a СУБД 
610 1 |a система управления базами данных 
610 1 |a Access 
610 1 |a теория 
610 1 |a лабораторные работы 
610 1 |a самостоятельные работы 
610 1 |a учебные пособия 
675 |a 681.3.01(075.8)  |v 3 
700 1 |a Левчук  |b Е. А.  |g Елена Аркадьевна 
801 1 |a RU  |b 63413507  |c 20060710  |g PSBO 
801 2 |a RU  |b 63413507  |c 20141203  |g PSBO 
942 |c BK